| 000 | 01146nam a22002655i 4500 | ||
|---|---|---|---|
| 001 | 165038 | ||
| 003 | ES-MaACL | ||
| 005 | 20251012205135.0 | ||
| 008 | 940615s1882 sp a |||| | spa d | ||
| 040 |
_aCAM _bspa |
||
| 080 | _a821.111-31"18" | ||
| 100 | 1 |
_aScott, Walter, _cSir, _d1771-1832 _9104957 |
|
| 245 | 1 | 0 |
_aRob Roy / _cpor Walter Scott ; traducción de Joaquín Riera y Bertrán ; con dibujos de E. Courboin... [et al.] ; fotograbados de C. Verdaguer. |
| 260 |
_aBarcelona : _bC. Verdaguer, _c1882. |
||
| 300 |
_a2 v. (316 ; 309) : _bil. ; _c21 cm. |
||
| 490 | 1 | _aBiblioteca Verdaguer | |
| 505 | 8 | _aEl v. 2 contiene además : el cuento "Los boyeros" / del mismo autor, versión igualmente de Riera y Bertrán y dibujos de José L. Pellicer | |
| 700 | 1 |
_aRiera y Bertran, Joaquín, _d1848-1924 _9131814 |
|
| 700 | 1 |
_aCourboin, Eugène, _d1851- ca. 1915 _9126621 |
|
| 740 | 4 | _aLos boyeros. | |
| 830 | 0 |
_aBiblioteca Verdaguer _9188206 |
|
| 852 |
_aES-MaACL _jB-726-727 _z-- Enc. tela |
||
| 852 |
_aES-MaACL _jE-13170-71 _z-- Enc. ed. en tela grabado cromolit. _z.- Legado M. de la Fuente |
||
| 999 |
_c165038 _d165038 |
||